Responses for show #5703 - Wednesday, May 27, 2009

Justin Bernbach game 5.

Ask Alex #18: Married with children.

Contestants

[<< previous game]

Stephen Stiegel, a high school English teacher from Elon, North Carolina

Allison Lesh, an attorney from Eugene, Oregon

Justin Bernbach, a lobbyist from Brooklyn, New York (whose 4-day cash winnings total $88,200)

[next game >>]

Jeopardy! Round responses

FIRST FEMALE LEADERS
(Alex: You have to ID the country for me.)
ROLLING STONE'S 100 GREATEST SINGERS
ADVERTISING ICONS
STATES' GEOGRAPHIC CENTERS
A SNEEZY CATEGORY
"ATCH", YOU!
    $200 1
the Philippines

Justin
    $200 6
Aretha Franklin

Allison
    $200 11
Uncle Ben's

Justin
    $200 12
Hawaii

Justin
    $200 26
Snow White and the Seven Dwarfs

Allison
    $200 17
hatch

Stephen
    $400 2
Indonesia

Justin
    $400 7
Ray Charles

Stephen
    $400 22
9 Lives

Stephen
    $400 13
Alaska

Justin
    $400 27
your eyes

Justin
    $400 18
a match

Stephen
    $600 3
(Allison: What is Australia?)

New Zealand

Allison
Triple Stumper
    $600 8
Stevie Nicks

Allison
    $600 23
Columbia

Stephen
    $1,000 14
Louisiana

Justin
    $600 28
snuff

Justin
    $600 19
thatch

Allison
    $800 4
Liberia

Triple Stumper
    $800 9
Marvin Gaye

Justin
    $800 24
Froot Loops

Allison
    $800 15
New York

Justin
    $800 29
light

Allison
    $800 20
scratch

Stephen
    $1000 5
Sri Lanka

Triple Stumper
    $1000 10
Smokey Robinson

Stephen
    $1000 25
McGruff

Stephen
    $1000 16
Massachusetts

Justin
    $1000 30
antihistamines

Allison
    $1000 21
a latch

Stephen

Scores at the first commercial break (after clue 14):

Justin Allison Stephen
$3,200 $200 $1,400

Scores at the end of the Jeopardy! Round:

Justin Allison Stephen
$6,000 $3,600 $5,800

Double Jeopardy! Round responses

JAPANESE CULTURE
TV ADJECTIVES
FILL IN THE DICKENS TITLE
POTPOURRI
THE U.S. CONSTITUTION
IT HAS TO END WITH "U"
    $400 26
Heaven & Earth

Triple Stumper
    $400 11
Amazing

Allison
    $400 1
Great Expectations

Justin
    $400 16
Fantasia

Stephen
    $400 6
Benjamin Franklin

Allison
    $400 18
a haiku

Allison
    $800 27
the nape

Allison
    $800 12
Funniest

Stephen
    $2,200 2
The Mystery of Edwin Drood

Justin
    $800 17
a boll weevil

Justin
    $800 7
(Stephen: What is Congress?)
(Alex: Nnn--more specific.)
(Stephen: Uh, [*]?)

the House of Representatives

Stephen
    $800 19
Xanadu

Allison
    $1200 28
funerals

Allison
    $1200 13
Extreme

Stephen
    $1200 3
(Allison: What is Tale of... shoot, never mind.)
(Alex: No. Tale of Shoot.)

The Old Curiosity Shop

JustinAllison
    $1200 23
Ho Hos

Triple Stumper
    $1200 8
Virginia

Allison
    $1200 20
kudzu

Allison
    $1600 29
indigo

Triple Stumper
    $1600 14
(Stephen: What is Dangerous?)

Criminal

AllisonStephen
    $1600 4
Little Dorrit

Triple Stumper
    $1600 24
Trinidad & Tobago

Justin
    $1600 9
3/4

Justin
    $3,000 21
(Allison: Mm... [exhales deeply])
(Alex: Say something.)
(Allison: I don't know.)

holier-than-thou

Allison
    $2000 30
the ronin

Allison
    $2000 15
(Stephen: What is Dirtiest?)

Toughest

Stephen
Triple Stumper
    $2000 5
Martin Chuzzlewit

Justin
    $2000 25
Romeo

Stephen
    $2000 10
(Justin: What is representative?)

Republican

Justin
Triple Stumper
    $2000 22
(Stephen: What are Honolulu and I should have read the "2"?)

Honolulu & Juneau

JustinStephen

Scores at the end of the Double Jeopardy! Round:

Justin Allison Stephen
$15,800 $9,400 $5,400

[wagering suggestions for these scores]

Final Jeopardy! Round responses

BIG COUNTRIES
(Alex: I wonder if my native country will come up as one of the four.)
StephenWhat are Britain R India China
$5,000
AllisonWhat are Britain Russia India China
$9,250
JustinWhat are Brazil Russia India China
$3,001
Brazil, Russia, India & China

Final scores:

Justin Allison Stephen
$18,801 $150 $400
5-day champion: $107,001 3rd place: $1,000 2nd place: $2,000

Game dynamics:

Coryat scores:

Justin Allison Stephen
$14,000 $12,400 $5,400
19 R
(including 2 DDs),
1 W
17 R,
3 W
(including 1 DD)
14 R,
3 W

Combined Coryat: $31,800

The J! Archive is created by fans, for fans. The Jeopardy! game show and all elements thereof, including but not limited to copyright and trademark thereto, are the property of Jeopardy Productions, Inc. and are protected under law. This website is not affiliated with, sponsored by, or operated by Jeopardy Productions, Inc. Join the discussion at JBoard.tv.